Secrets From A Girl (Who's Seen It All) - Lorde (All Lyrics) - Statistics

General Stats
  • This quiz has been taken 10 times
  • The average score is 272 of 399
Answer Stats
Hint Answer % Correct
a
100%
all
100%
All
100%
and
100%
And
100%
and,
100%
and...
100%
be
100%
best
100%
for
100%
from
100%
girl
100%
girl)
100%
girl,
100%
go
100%
got
100%
I
100%
in
100%
it
100%
[Chorus] Secrets
100%
(Secrets
100%
seen
100%
the
100%
The
100%
then
100%
Then
100%
to
100%
when
100%
When
100%
who's
100%
who’s
100%
Do
83%
It's
83%
it's
83%
just
83%
let
83%
my
83%
We
83%
you
83%
You
83%
your
83%
[Pre-Chorus] Your
83%
at
67%
been
67%
But
67%
by
67%
down
67%
drinks,
67%
Everybody
67%
girls,
67%
gotta
67%
if
67%
is
67%
last
67%
no
67%
of
67%
since
67%
so
67%
they
67%
turn
67%
two
67%
want
67%
wants
67%
what
67%
while
67%
with
67%
won't
67%
years
67%
yourself,
67%
You’ve
67%
you've
67%
are
50%
can
50%
comes,
50%
[Pre-Chorus] Couldn't
50%
Crying
50%
[Verse 1] Dancing
50%
dreams
50%
face
50%
fall
50%
feel
50%
fifteen
50%
fifteen,
50%
friends'
50%
funny
50%
get
50%
Guess
50%
had
50%
having
50%
leaving
50%
never
50%
parties
50%
said
50%
self-control
50%
sorry
50%
temperature
50%
ten
50%
thing,
50%
time,
50%
time
50%
try
50%
unbearable
50%
up,
50%
up
50%
wait
50%
[Outro] Welcome
50%
you'll
50%
you’ll
50%
You'll
50%
ambitions,
33%
baggage
33%
before
33%
blink
33%
Cool...
33%
dark
33%
desired?
33%
'em
33%
'em,
33%
euphoria,
33%
existential
33%
home
33%
hurt
33%
I'll
33%
I'm
33%
light
33%
lights
33%
love
33%
[Verse 2] ’Member
33%
mixed
33%
mystical
33%
once
33%
only
33%
onto
33%
Sadness
33%
sunrise
33%
touch)
33%
until
33%
was
33%
weren't
33%
we've
33%
will
33%
would
33%
Yeah,
33%
again,
17%
Airlines,
17%
anything
17%
as
17%
Baby
17%
call?
17%
careful
17%
carousel
17%
doesn't
17%
(Doing
17%
emotional
17%
enough,
17%
feeling
17%
fine
17%
flying
17%
gain
17%
gonna
17%
grief
17%
Growing
17%
guide
17%
inner
17%
leave
17%
little
17%
long
17%
’Member
17%
need
17%
number
17%
one's
17%
open
17%
pain
17%
picked
17%
rays
17%
ready,
17%
show
17%
someone
17%
stay
17%
staying
17%
Strange
17%
take
17%
Thank
17%
these
17%
thought
17%
today
17%
tour
17%
trust
17%
vertigo?
17%
visions
17%
you"d
17%
You're
17%
you're
17%
destination,
0%
familiar
0%
final
0%
look
0%
more
0%
outside,
0%
Please
0%
reached
0%
um...
0%
No matching quizzes found
Score Distribution
Percent of People with Each Score
Percentile by Number Answered
Your Score History
You have not taken this quiz